Hézső Ferenc képei
Elmentve itt :
| Szerző: | |
|---|---|
| Dokumentumtípus: | Cikk |
| Megjelent: |
1973-05-15
|
| Sorozat: | Délmagyarország
63 No. 111 |
| Kulcsszavak: | Hézső Ferenc, műgyűjtők kiállítása |
| Online Access: | http://dmarchiv.bibl.u-szeged.hu/94685 |
| LEADER | 00463nab a2200157 i 4500 | ||
|---|---|---|---|
| 001 | delm94685 | ||
| 005 | 20190402125821.0 | ||
| 008 | 190402s1973 hu o 0|| hun d | ||
| 040 | |a SZTE Délmagyarország Archívum |b hun | ||
| 041 | |a hun | ||
| 100 | 1 | |a Tandi Lajos | |
| 245 | 1 | 0 | |a Hézső Ferenc képei |h [elektronikus dokumentum] / |c Tandi Lajos |
| 260 | |c 1973-05-15 | ||
| 300 | |a 8 | ||
| 490 | 0 | |a Délmagyarország |v 63 No. 111 | |
| 695 | |a Hézső Ferenc, műgyűjtők kiállítása | ||